Online Catalogue and eLibrary

Revolution and organization : (Record no. 2762)

MARC details
000 -LEADER
fixed length control field 00466nam a2200181Ia 4500
005 - DATE AND TIME OF LATEST TRANSACTION
control field 20240517044227.0
008 - FIXED-LENGTH DATA ELEMENTS--GENERAL INFORMATION
fixed length control field 240331s9999 xx 000 0 und d
020 ## - INTERNATIONAL STANDARD BOOK NUMBER
ISBN 8185777284
082 ## - DDC Classification
Item Number - Author Mark REV
Class No. 335
245 #0 - TITLE STATEMENT
Title Revolution and organization :
Remainder of title rosa Luxenburg and her critics
250 ## - EDITION STATEMENT
Edition statement 1st
260 ## - PUBLICATION, DISTRIBUTION, ETC.
Place of publication, distribution, etc. Calcutta
Name of publisher, distributor, etc. Pearl Publisher
Date of publication, distribution, etc. 1994
300 ## - PHYSICAL DESCRIPTION
Extent (e.g. Volumes, Pages etc.) xxxi, 271 p .,
650 ## - SUBJECT ADDED ENTRY--TOPICAL TERM
Topical term or geographic name entry element Social
650 ## - SUBJECT ADDED ENTRY--TOPICAL TERM
Topical term or geographic name entry element Political
700 ## - ADDED ENTRY--PERSONAL NAME
Personal name Gupta, S.D.
Relator term (Role) Editor
942 ## - Koha item type (Biblio)
Koha item type Books in Stacks (Lending)
Holdings
Lost status Damaged status Collection code Home library Current library Shelving location Date acquired Full call number Accession Number Item type
    Lending WERC Library WERC Library Social Science Cupboard 03/31/2024 335 REV 3985 Books in Stacks (Lending)

© WERC Library